<?xml version="1.0" encoding="UTF-8"?>
<record
    xmlns:xsi="http://www.w3.org/2001/XMLSchema-instance"
    xsi:schemaLocation="http://www.loc.gov/MARC21/slim http://www.loc.gov/standards/marcxml/schema/MARC21slim.xsd"
    xmlns="http://www.loc.gov/MARC21/slim">

  <leader>01526nam a2200361Ia 4500</leader>
  <controlfield tag="001">dia_6218</controlfield>
  <controlfield tag="003">CHAP</controlfield>
  <controlfield tag="005">20230327121239.0</controlfield>
  <controlfield tag="008">220117s1972    xx            000 0 und d</controlfield>
  <datafield tag="010" ind1=" " ind2=" ">
    <subfield code="a">177441</subfield>
  </datafield>
  <datafield tag="040" ind1=" " ind2=" ">
    <subfield code="c">CHAP</subfield>
  </datafield>
  <datafield tag="082" ind1=" " ind2=" ">
    <subfield code="a">664.8 C87 1972</subfield>
  </datafield>
  <datafield tag="110" ind1=" " ind2=" ">
    <subfield code="a">M&#xE9;xico. Secretar&#xED;a de Educaci&#xF3;n P&#xFA;blica</subfield>
    <subfield code="9">77166</subfield>
  </datafield>
  <datafield tag="245" ind1=" " ind2=" ">
    <subfield code="a">Curso te&#xF3;rico pr&#xE1;ctico sobre conservaci&#xF3;n y transformaci&#xF3;n de frutas y hortalizas  /</subfield>
    <subfield code="c">  direcci&#xF3;n Gaetano Paltrinieri ; coordinaci&#xF3;n Jos&#xE9; Gonz&#xE1;lez Ram&#xED;rez ; colaboraci&#xF3;n Herlinda L&#xF3;pez Tovar...[et al...]</subfield>
  </datafield>
  <datafield tag="260" ind1=" " ind2=" ">
    <subfield code="a">M&#xE9;xico  :</subfield>
    <subfield code="b"> Secretar&#xED;a de Educaci&#xF3;n Publica. Direcci&#xF3;n General de Educaci&#xF3;n Tecnol&#xF3;gica Agropecuaria,</subfield>
    <subfield code="c">1972</subfield>
  </datafield>
  <datafield tag="300" ind1=" " ind2=" ">
    <subfield code="a">3 t.</subfield>
  </datafield>
  <datafield tag="500" ind1=" " ind2=" ">
    <subfield code="a">La biblioteca cuenta con los tomos 1 y 2</subfield>
  </datafield>
  <datafield tag="503" ind1=" " ind2=" ">
    <subfield code="a">D.</subfield>
  </datafield>
  <datafield tag="504" ind1=" " ind2=" ">
    <subfield code="a">Bibliograf&#xED;a: h. [353-360]</subfield>
  </datafield>
  <datafield tag="590" ind1=" " ind2=" ">
    <subfield code="a">TX612.F7 C87 1972</subfield>
  </datafield>
  <datafield tag="650" ind1=" " ind2=" ">
    <subfield code="a">Fruits</subfield>
    <subfield code="x">Food preservation  </subfield>
    <subfield code="9">148119</subfield>
  </datafield>
  <datafield tag="650" ind1=" " ind2=" ">
    <subfield code="a">Frutos</subfield>
    <subfield code="x">Preservaci&#xF3;n de alimentos  </subfield>
    <subfield code="9">148120</subfield>
  </datafield>
  <datafield tag="650" ind1=" " ind2=" ">
    <subfield code="a">Vegetables</subfield>
    <subfield code="x">Food preservation</subfield>
    <subfield code="9">153241</subfield>
  </datafield>
  <datafield tag="650" ind1=" " ind2=" ">
    <subfield code="a">Verduras</subfield>
    <subfield code="x">Preservaci&#xF3;n de alimentos  </subfield>
    <subfield code="9">153242</subfield>
  </datafield>
  <datafield tag="700" ind1=" " ind2=" ">
    <subfield code="a">Gonz&#xE1;lez Ram&#xED;rez, Jos&#xE9;, coord. </subfield>
    <subfield code="9">147834</subfield>
  </datafield>
  <datafield tag="700" ind1=" " ind2=" ">
    <subfield code="a">L&#xF3;pez Tovar, Herlinda, colab.</subfield>
    <subfield code="9">161228</subfield>
  </datafield>
  <datafield tag="700" ind1=" " ind2=" ">
    <subfield code="a">Paltrinieri, Gaetano, dir. </subfield>
    <subfield code="9">161229</subfield>
  </datafield>
  <datafield tag="710" ind1=" " ind2=" ">
    <subfield code="a">Secretar&#xED;a de Educaci&#xF3;n P&#xFA;blica. Direcci&#xF3;n General de Educaci&#xF3;n Tecnolog&#xED;ca Agropecuaria (M&#xE9;xico)</subfield>
    <subfield code="9">161230</subfield>
  </datafield>
  <datafield tag="901" ind1=" " ind2=" ">
    <subfield code="a">664.8 C87 1972</subfield>
  </datafield>
  <datafield tag="902" ind1=" " ind2=" ">
    <subfield code="a">M</subfield>
  </datafield>
  <datafield tag="905" ind1=" " ind2=" ">
    <subfield code="a">5232271972                          mx anm 8223123322spa16</subfield>
  </datafield>
  <datafield tag="942" ind1=" " ind2=" ">
    <subfield code="c">LIBRO</subfield>
  </datafield>
  <datafield tag="999" ind1=" " ind2=" ">
    <subfield code="c">177441</subfield>
    <subfield code="d">177441</subfield>
  </datafield>
  <datafield tag="952" ind1=" " ind2=" ">
    <subfield code="0">0</subfield>
    <subfield code="1">0</subfield>
    <subfield code="2">ddc</subfield>
    <subfield code="4">0</subfield>
    <subfield code="7">0</subfield>
    <subfield code="8">GRAL</subfield>
    <subfield code="a">IA_</subfield>
    <subfield code="b">IA_</subfield>
    <subfield code="d">2022-01-18</subfield>
    <subfield code="f">1</subfield>
    <subfield code="h"> Tomo: 2</subfield>
    <subfield code="l">0</subfield>
    <subfield code="o">664.8 C87 1972</subfield>
    <subfield code="p">dia_000580</subfield>
    <subfield code="r">2022-01-18 00:00:00</subfield>
    <subfield code="t">1</subfield>
    <subfield code="w">2022-01-18</subfield>
    <subfield code="y">LIBRO</subfield>
  </datafield>
  <datafield tag="952" ind1=" " ind2=" ">
    <subfield code="0">0</subfield>
    <subfield code="1">0</subfield>
    <subfield code="2">ddc</subfield>
    <subfield code="4">0</subfield>
    <subfield code="7">0</subfield>
    <subfield code="8">GRAL</subfield>
    <subfield code="a">IA_</subfield>
    <subfield code="b">IA_</subfield>
    <subfield code="d">2022-01-18</subfield>
    <subfield code="f">1</subfield>
    <subfield code="h"> Tomo: 1</subfield>
    <subfield code="l">0</subfield>
    <subfield code="o">664.8 C87 1972</subfield>
    <subfield code="p">dia_000579</subfield>
    <subfield code="r">2022-01-18 00:00:00</subfield>
    <subfield code="t">1</subfield>
    <subfield code="w">2022-01-18</subfield>
    <subfield code="y">LIBRO</subfield>
  </datafield>
</record>
